| 000 | 00343nam a2200121Ia 4500 | ||
|---|---|---|---|
| 008 | 180219s9999 xx 000 0 und d | ||
| 020 | _a9781496353443 | ||
| 100 | _aSinko, Patrick J. | ||
| 245 | _aMartin's physical pharmacy and pharmaceutical sciences / | ||
| 250 | _a7th ed | ||
| 260 |
_aUSA : _bWolters kluwer _c2017 |
||
| 300 | _av, 701 pages | ||
| 999 |
_c356018 _d356018 |
||